000 00205nam a22000977a 4500
082 _a823
_bGRI/S
100 _aGRIMM, BROTHERS
245 _aSNOWWHITE AND OTHER STORIES
650 _aENGLISH STORY
942 _cBK
999 _c7646
_d7646